LEADER 01289nam--2200409---450- 001 990002825670203316 005 20061011133846.0 010 $a88-7062-695-4 035 $a000282567 035 $aUSA01000282567 035 $a(ALEPH)000282567USA01 035 $a000282567 100 $a20061011h1989----km-y0itay50------ba 101 $aita 101 $afre 102 $aIT 105 $aa---||||001yy 200 1 $a<> castellum del Nador$estoria di una fattoria tra Tipasa e Caesarea, 1.-4. sec. d. C.$fL. Anselmino ... [et al.] ; premessa di A. Di Vita 210 $aRoma$cL'Erma di Bretschneider$dcopyr. 1989 215 $a232 p., [15] c. di tav.$cill.$d30 cm 225 2 $aMonografie di archeologia libica$v23 410 0$12001$aMonografie di archeologia libica$v23 454 1$12001 461 1$1001-------$12001 606 0 $aScavi archeologici$yTipasa $xVilla del Nador 676 $a939.71 702 1$aANSELMINO,$bLucilla 702 1$aDI VITA,$bAntonino 801 0$aIT$bsalbc$gISBD 912 $a990002825670203316 951 $aI T NAD 1$b6571 DBC$cI T 959 $aBK 969 $aDBC 979 $aDBC$b90$c20061011$lUSA01$h1338 979 $aPATRY$b90$c20071018$lUSA01$h0941 996 $aCastellum del Nador$9488102 997 $aUNISA LEADER 02772nam 2200493 450 001 9910493742403321 005 20200326161201.0 010 $a3-631-80743-0 010 $a3-631-80742-2 035 $a(CKB)4100000010236879 035 $a(MiAaPQ)EBC6038632 035 $a(oapen)https://directory.doabooks.org/handle/20.500.12854/71595 035 $a(EXLCZ)994100000010236879 100 $a20200326d2020 uy 0 101 0 $aeng 135 $aurcnu|||||||| 181 $ctxt$2rdacontent 182 $cc$2rdamedia 183 $acr$2rdacarrier 200 04$aThe social status of languages in Finland and Lithuania $ea plurimethodological empirical survey on language climate change /$fStephan Kessler, Marko Pantermo?ller (editors) 210 $aBern$cPeter Lang International Academic Publishing Group$d2020 210 1$aBerlin :$cPeter Lang,$d[2020] 210 4$dİ2020 215 $a1 online resource (284 pages) 225 1 $aSprachko?nnen und sprachbewusstheit in europa = language competence and language awareness in europe ;$v11 311 $a3-631-79674-9 330 $aFinland and Lithuania stand for different ways of dealing with societal multilingualism and minority issues. However, in recent years, questions of language policy had been discussed more controversially in both countries. Thus our detailed surveys on Finland and Lithuania focused on how different population groups think about the lingual situation there. This publication presents the researchers? results from between 2014 and 2016 regarding the attitudes towards the minority and majority languages. Key to the research was an especially developed methodological mixture, including the matched-guise technique. The surveys? final reports to the German Research Foundation (DFG) are followed by contributions that give more details on the legal status of the languages in Finland and Lithuania or describe the specific features of urban multilingualism there. 410 0$aSprachko?nnen und Sprachbewusstheit in Europa ;$v11. 606 $aLanguage policy$zFinland 607 $aFinland$2fast 607 $aLithuania$2fast 610 $aChange;Climate;Empirical;Finland;Kessler;Language;language attitudes;language policy;Languages;Lithuania;matched-guise technique;minorities;Plurimethodological;Social;societal multilingualism;Status;Survey 615 0$aLanguage policy 676 $a306.449485 700 $aKessler$b Stephan$4edt$0935416 702 $aKessler$b Stephan$f1966- 702 $aPantermo?ller$b Marko$f1970- 801 0$bMiAaPQ 801 1$bMiAaPQ 801 2$bMiAaPQ 906 $aBOOK 912 $a9910493742403321 996 $aThe social status of languages in Finland and Lithuania$93400263 997 $aUNINA LEADER 03179nam 2200949z- 450 001 9910743281803321 005 20230911 035 $a(CKB)5690000000228489 035 $a(oapen)doab113966 035 $a(EXLCZ)995690000000228489 100 $a20230920c2023uuuu -u- - 101 0 $aeng 135 $aurmn|---annan 181 $ctxt$2rdacontent 182 $cc$2rdamedia 183 $acr$2rdacarrier 200 00$aChina Water Forum 2022 210 $cMDPI - Multidisciplinary Digital Publishing Institute$d2023 215 $a1 online resource (202 p.) 311 08$a3-0365-8638-5 330 $aWe summarized China's water security status and issues based on the papers published in the Special Issue entitled "China Water Forum 2022". Our summaries and the published papers in this Special Issue are compiled into a reprint to help readers understand current research progresses on this topic. 606 $aEnvironmental economics$2bicssc 606 $aResearch & information: general$2bicssc 610 $aadaptive utilization capacity of water resources 610 $acarbon dioxide emission equivalent (CEE) 610 $acarbon dioxide emission equivalent analysis (CEEA) 610 $acomprehensive co-evolution model 610 $aconnotation 610 $acorrelation analysis 610 $adam construction 610 $adata-driven models 610 $adissolved organic matter 610 $aecological water demand (EWD) 610 $aEEMs-PARAFAC 610 $aequivalent analysis 610 $afreshwater lens 610 $afunction table of carbon dioxide emission equivalent analysis (FT-CEEA) 610 $agated recurrent units 610 $agenetic algorithm 610 $agreen development 610 $agroundwater level prediction 610 $aharmony theory 610 $aHebei Plain 610 $ahierarchy of needs 610 $aHulun Lake 610 $aindex system 610 $aindicator system 610 $ainland river 610 $alake area 610 $aminimum water level 610 $amodel performance 610 $an/a 610 $anumerical simulation 610 $apaleoenvironmental reconstruction 610 $aprecipitation 610 $aproduction flow component 610 $aRHI 610 $arunoff variation 610 $asedimentary grain size 610 $ashared socio-economic pathways 610 $asimulation prediction 610 $asmall coral island 610 $aSonghua River Basin 610 $asupport vector machine 610 $asustainable exploitation 610 $asystem dynamics 610 $asystematic solution 610 $aTarim River Basin 610 $atemperature 610 $aurban agglomeration 610 $aurban streams 610 $awater diversion 610 $awater quality 610 $awater resource behaviors (WRBs) 610 $awater-saving level 610 $aWEP-N model 615 7$aEnvironmental economics 615 7$aResearch & information: general 906 $aBOOK 912 $a9910743281803321 996 $aChina Water Forum 2022$93560336 997 $aUNINA